[Event "SRB-ch U14"]
[Site "Kragujevac"]
[Date "2016.05.08"]
[Round "9"]
[White "Kupusovic, Jovan"]
[Black "Grcic, Vukasin"]
[Result "0-1"]
[WhiteElo "1708"]
[BlackElo "2156"]
[PlyCount "112"]
[EventDate "2016.05.02"]
[EventType "swiss"]
[EventRounds "9"]
[EventCountry "SRB"]
[SourceTitle "CBM 172 Extra"]
[Source "ChessBase"]
[SourceDate "2016.06.21"]
[SourceVersion "1"]
[SourceVersionDate "2016.06.21"]
[SourceQuality "1"]

1. d4 c5 2. Nf3 e6 3. c3 Be7 4. Bf4 Nf6 5. e3 0-0 6. Bd3 b6 7. Ne5 Bb7 8. 0-0 d6 9. Ng4 Nd5 10. Bg3 f5 11. e4 Nc7 12. exf5 exf5 13. Ne3 f4 14. Qh5 h6 15. Qg6 Rf6 16. Qh7+ Kf7 17. Ng4 fxg3 18. Nxf6 gxh2+ 19. Kxh2 Bxf6 20. Qg6+ Kf8 21. Re1 Nc6 22. Nd2 cxd4 23. cxd4 Ne7 24. Qh5 Ncd5 25. Bc4 Qe8 26. Qf3 Qf7 27. Ne4 Be5+ 28. dxe5 Qxf3 29. gxf3 dxe5 30. Nd6 Bc6 31. Rxe5 Nf6 32. Rae1 Ng6 33. R5e3 Rd8 34. Ne4 Bxe4 35. Rxe4 Nxe4 36. fxe4 Ne5 37. Rc1 Rc8 38. b3 b5 39. f4 Nf7 40. Bxf7 Rxc1 41. Bd5 Rc2+ 42. Kg3 Rxa2 43. e5 Ke7 44. Bc6 Ra3 45. Bd5 a5 46. Kg4 a4 47. bxa4 Rxa4 48. Kf5 Ra3 49. Bc6 b4 50. Be4 Rg3 51. Bb1 h5 52. Ke4 h4 53. Kd4 h3 54. Be4 h2 55. Kc4 b3 56. f5 Rg4 0-1

[Event "SRB-ch U14"]
[Site "Kragujevac"]
[Date "2016.05.05"]
[Round "5"]
[White "Stankovic, Milos M"]
[Black "Kupusovic, Jovan"]
[Result "0-1"]
[WhiteElo "1852"]
[BlackElo "1708"]
[PlyCount "120"]
[EventDate "2016.05.02"]
[EventType "swiss"]
[EventRounds "9"]
[EventCountry "SRB"]
[SourceTitle "CBM 172 Extra"]
[Source "ChessBase"]
[SourceDate "2016.06.21"]
[SourceVersion "1"]
[SourceVersionDate "2016.06.21"]
[SourceQuality "1"]

1. d4 d5 2. Nf3 Nf6 3. c4 e6 4. g3 c5 5. cxd5 Nxd5 6. Bg2 Be7 7. 0-0 Nd7 8. a3 0-0 9. Qc2 cxd4 10. Nxd4 N7b6 11. Rd1 Qc7 12. Qxc7 Nxc7 13. Nc3 Rd8 14. Bf4 Nbd5 15. Nxd5 Nxd5 16. Bd2 Bf6 17. Be1 Bd7 18. Bxd5 exd5 19. Bc3 Ba4 20. Rd2 Rac8 21. e3 h6 22. Ne2 Bxc3 23. Nxc3 Bb3 24. Re1 a6 25. Rd4 Rc4 26. Re2 Rxd4 27. exd4 Kf8 28. Kg2 Bc4 29. Re3 b5 30. Nb1 b4 31. b3 bxa3 32. Nxa3 Bb5 33. Nxb5 axb5 34. Rc3 Ke7 35. Rc5 b4 36. Rb5 Kd6 37. Rxb4 Kc6 38. Kf3 Re8 39. h4 Re4 40. Kg2 Re8 41. Kf1 g6 42. f3 Re3 43. Kf2 Re8 44. g4 g5 45. h5 Ra8 46. Ra4 Rxa4 47. bxa4 Kb6 48. f4 f6 49. fxg5 fxg5 50. Ke3 Ka5 51. Kd2 Kxa4 52. Kc2 Kb4 53. Kd2 Kc4 54. Ke3 Kc3 55. Ke2 Kxd4 56. Kd2 Ke4 57. Kc3 Ke3 58. Kc2 d4 59. Kd1 Kd3 60. Ke1 Kc2 0-1

[Event "SRB-ch U14"]
[Site "Vrbas"]
[Date "2015.04.13"]
[Round "6"]
[White "Mojzes, Aleksandar"]
[Black "Kupusovic, Jovan"]
[Result "1-0"]
[WhiteElo "1895"]
[BlackElo "1883"]
[PlyCount "105"]
[EventDate "2015.04.09"]
[EventType "swiss"]
[EventRounds "9"]
[EventCountry "SRB"]
[SourceTitle "EXT 2022"]
[Source "ChessBase"]
[SourceDate "2021.10.06"]
[SourceVersion "1"]
[SourceVersionDate "2021.10.06"]
[SourceQuality "1"]

1. e4 e5 2. Nf3 Nc6 3. Bc4 Bc5 4. d3 d6 5. Nc3 Nf6 6. Bg5 h6 7. Bxf6 Qxf6 8. Nd5 Qd8 9. c3 Be6 10. b4 Bb6 11. a4 a6 12. Nxb6 cxb6 13. Bxe6 fxe6 14. 0-0 0-0 15. Qe2 Qf6 16. Qe3 Qg6 17. Kh1 Qh5 18. Nd2 b5 19. axb5 axb5 20. f3 Qg5 21. Qxg5 hxg5 22. Nb3 b6 23. Kg1 d5 24. Rfd1 d4 25. cxd4 exd4 26. Rac1 Rac8 27. Rc2 e5 28. Rdc1 Ne7 29. Rc7 Kf7 30. Kf2 Ke6 31. Kg3 g6 32. Rb7 Rxc1 33. Nxc1 Nc8 34. Kg4 Rh8 35. h3 Kf6 36. Rc7 Rh4+ 37. Kg3 Rh8 38. Rc6+ Kf7 39. Kg4 Rh4+ 40. Kxg5 Rh5+ 41. Kg4 Rh8 42. Rc7+ Ke6 43. Rb7 Rd8 44. Kg5 Rd6 45. Rc7 Ne7 46. Na2 Rd8 47. Rb7 Rd6 48. Nc1 Rc6 49. Nb3 Kf7 50. f4 Rc3 51. Nd2 Rxd3 52. Nf3 exf4 53. Ne5+ 1-0

[Event "SRB-ch U14"]
[Site "Vrbas"]
[Date "2015.04.10"]
[Round "2"]
[White "Radovanovic, Mihajlo"]
[Black "Kupusovic, Jovan"]
[Result "1-0"]
[WhiteElo "2201"]
[BlackElo "1883"]
[PlyCount "41"]
[EventDate "2015.04.09"]
[EventType "swiss"]
[EventRounds "9"]
[EventCountry "SRB"]
[SourceTitle "EXT 2022"]
[Source "ChessBase"]
[SourceDate "2021.10.06"]
[SourceVersion "1"]
[SourceVersionDate "2021.10.06"]
[SourceQuality "1"]

1. Nf3 d5 2. c4 e6 3. g3 Nf6 4. Bg2 g6 5. 0-0 Bg7 6. d4 0-0 7. Qc2 c6 8. Rd1 Nbd7 9. Nbd2 b6 10. e4 Bb7 11. e5 Ne8 12. b4 f6 13. cxd5 exd5 14. Re1 Qe7 15. Rb1 fxe5 16. dxe5 Nxe5 17. Nxe5 Bxe5 18. Bb2 Qf6 19. Rxe5 Qxf2+ 20. Kh1 Rb8 21. Rf1 1-0